Statistics for Five Flags in 45 Seconds #1 (difficulty level 18)

Click here to take the quiz!

General Stats

  • This quiz has been taken 190 times
  • The average score is 5 of 5

Answer Stats

Answer% Correct
Canada
100%
Denmark
99%
Germany
99%
Israel
99%
South Africa
98%

Score Distribution

Percentile by Number Answered

Percent of People with Each Score

Your Score History

You have not taken this quiz